[Event "OLSW 1819 SK Landau - SC Caissa Schwarz"]
[Site "?"]
[Date "2018.10.21"]
[Round "1.1"]
[White "Frischmann, Rick"]
[Black "Baerwinkel, Tobias"]
[Result "0-1"]
[WhiteElo "2342"]
[BlackElo "2341"]
[PlyCount "80"]
[EventDate "2018.??.??"]

1. e4 c5 2. Nf3 d6 3. Bb5+ Nd7 4. O-O a6 5. Bd3 Ngf6 6. Re1 e6 7. c3 b5 8. a4
Bb7 9. axb5 axb5 10. Rxa8 Bxa8 11. Bxb5 Bxe4 12. d3 Bb7 13. d4 Bxf3 14. Qxf3
cxd4 15. cxd4 Be7 16. Nc3 d5 17. Bf4 O-O 18. Be5 Qb6 19. Re2 Nxe5 20. dxe5 Ne4
21. Bd3 Nxc3 22. bxc3 Rc8 23. g3 g6 24. c4 dxc4 25. Rc2 c3 26. h4 Qd4 27. Qe4
Bc5 28. Kg2 Rd8 29. Qxd4 Bxd4 30. Re2 Bxf2 31. Bxg6 Bxg3 32. Bxf7+ Kxf7 33.
Kxg3 Rc8 34. Rc2 Kg6 35. Kf4 Rc4+ 36. Ke3 Kf5 37. Kd3 Rc7 38. Kd4 h5 39. Rf2+
Kg4 40. Rc2 Kxh4 0-1

[Event "OLSW 1819 SK Landau - SC Caissa Schwarz"]
[Site "?"]
[Date "2018.10.21"]
[Round "1.2"]
[White "Silber, Henning"]
[Black "Wild, Achim"]
[Result "1/2-1/2"]
[WhiteElo "2323"]
[BlackElo "2277"]
[PlyCount "81"]
[EventDate "2018.??.??"]

1. e4 d6 2. d4 Nf6 3. Nc3 e5 4. Nf3 Nbd7 5. Bc4 Be7 6. O-O O-O 7. Re1 c6 8. a4
exd4 9. Nxd4 Ne5 10. Bf1 Re8 11. h3 Ng6 12. g3 Bf8 13. Bg2 Bd7 14. b3 h6 15.
Bb2 Qc7 16. Qd2 Rad8 17. Rad1 a6 18. f4 Qc8 19. Kh2 c5 20. Nf3 Bc6 21. Ng1 b5
22. axb5 axb5 23. Nd5 Nxd5 24. exd5 Bd7 25. Rxe8 Rxe8 26. Re1 b4 27. c3 bxc3
28. Bxc3 Rxe1 29. Qxe1 Ne7 30. b4 Nf5 31. Qd2 cxb4 32. Bxb4 Qc4 33. Nf3 Qb3 34.
Bc3 Qc4 35. Nd4 Ne7 36. Nc2 Qa4 37. Ne3 Bc8 38. Qd4 Qa2 39. Qd2 Qa4 40. Qd4 Qa2
41. Qd2 1/2-1/2

[Event "OLSW 1819 SK Landau - SC Caissa Schwarz"]
[Site "?"]
[Date "2018.10.21"]
[Round "1.3"]
[White "Fries, Frederik"]
[Black "Becking, Stephan"]
[Result "0-1"]
[WhiteElo "2304"]
[BlackElo "2413"]
[PlyCount "68"]
[EventDate "2018.??.??"]

1. Nf3 d5 2. e3 Nf6 3. c4 c6 4. Nc3 a6 5. Qc2 g6 6. d4 Bg7 7. Bd3 O-O 8. O-O b5
9. b3 Be6 10. c5 Qc7 11. h3 a5 12. a3 Na6 13. Bb2 Bc8 14. Ne2 Ne4 15. Nd2 Nxd2
16. Qxd2 e5 17. dxe5 Nxc5 18. Qc2 Nxd3 19. Qxd3 Bf5 20. Qd2 Bxe5 21. Bxe5 Qxe5
22. Nd4 Bd7 23. b4 axb4 24. axb4 Ra4 25. Rxa4 bxa4 26. Ra1 Rb8 27. Qc3 Qd6 28.
Rc1 Rxb4 29. Qc5 Qxc5 30. Rxc5 Rc4 31. Rxc4 dxc4 32. Nc2 Bf5 33. Na3 Bd3 34. f3
c3 0-1

[Event "OLSW 1819 SK Landau - SC Caissa Schwarz"]
[Site "?"]
[Date "2018.10.21"]
[Round "1.4"]
[White "Lang, Torsten"]
[Black "Gress, Alexander"]
[Result "1/2-1/2"]
[WhiteElo "2320"]
[BlackElo "2210"]
[PlyCount "69"]
[EventDate "2018.??.??"]

1. d4 c5 2. e3 Nf6 3. Nf3 g6 4. Be2 Bg7 5. O-O O-O 6. c3 Qc7 7. a3 d5 8. dxc5
Nbd7 9. b4 b6 10. cxb6 Nxb6 11. Bb2 Nc4 12. Qb3 Ba6 13. Re1 Ne4 14. Bc1 Rab8
15. Ra2 Rfd8 16. Bf1 Bc8 17. Nfd2 Ncxd2 18. Nxd2 Qxc3 19. Rc2 Qf6 20. Nxe4 dxe4
21. Bb2 Qd6 22. Bxg7 Kxg7 23. Qc3+ f6 24. Rec1 Be6 25. Qc5 Rb7 26. Qa5 Qb6 27.
Qxb6 axb6 28. Rc7 Rxc7 29. Rxc7 Kf7 30. f3 exf3 31. gxf3 Rd1 32. Kf2 Rd2+ 33.
Be2 Ra2 34. Rc3 Bd7 35. Ke1 1/2-1/2

[Event "OLSW 1819 SK Landau - SC Caissa Schwarz"]
[Site "?"]
[Date "2018.10.21"]
[Round "1.5"]
[White "Weller, Manuel"]
[Black "Bruch, Jochen"]
[Result "1/2-1/2"]
[WhiteElo "2232"]
[BlackElo "2228"]
[PlyCount "46"]
[EventDate "2018.??.??"]

1. c4 Nf6 2. Nc3 c5 3. g3 e6 4. Nf3 Be7 5. Bg2 a6 6. O-O O-O 7. d4 cxd4 8. Nxd4
Qc7 9. Qd3 Nc6 10. b3 b6 11. Bb2 Bb7 12. e4 Rac8 13. Rac1 Qb8 14. Rfd1 Rfd8 15.
Qe2 d6 16. Nc2 Ba8 17. Kh1 Na7 18. a4 Bc6 19. Nd4 Be8 20. f4 Nc6 21. Nf3 Na5
22. Nd2 Nc6 23. Nf3 Na5 1/2-1/2

[Event "OLSW 1819 SK Landau - SC Caissa Schwarz"]
[Site "?"]
[Date "2018.10.21"]
[Round "1.6"]
[White "Leuranguer, Yannick"]
[Black "Czybik, Nils Patrick"]
[Result "1-0"]
[WhiteElo "2251"]
[BlackElo "2167"]
[PlyCount "95"]
[EventDate "2018.??.??"]

1. e4 e6 2. d4 d5 3. Nd2 c5 4. exd5 Qxd5 5. Ngf3 cxd4 6. Bc4 Qd7 7. O-O a6 8.
a4 Nc6 9. Nb3 Bd6 10. Nbxd4 Nge7 11. Re1 Qc7 12. Nxc6 Nxc6 13. Qe2 Bd7 14. b3
Bb4 15. Rd1 Bc3 16. Rb1 Ne5 17. Bf4 f6 18. Bxe5 Bxe5 19. Nxe5 Qxe5 20. Qxe5
fxe5 21. Re1 Rc8 22. Rxe5 Rc6 23. Rbe1 Kf7 24. f4 g6 25. Rd1 Ke7 26. Kf2 Rd6
27. Rxd6 Kxd6 28. Ke3 Rf8 29. g3 Rc8 30. Re4 Rc5 31. Kd4 Rc7 32. Re5 Rc8 33.
Re1 Rc5 34. h3 Rc7 35. Re2 Rc5 36. Re3 Rc7 37. Re5 Rc8 38. h4 Rg8 39. Rg5 Rc8
40. Re5 Re8 41. Rg5 Rf8 42. Bd3 Be8 43. c4 Bf7 44. c5+ Ke7 45. c6 Rd8+ 46. Ke3
bxc6 47. Bxa6 Rd1 48. Bc4 1-0

[Event "OLSW 1819 SK Landau - SC Caissa Schwarz"]
[Site "?"]
[Date "2018.10.21"]
[Round "1.7"]
[White "Grewenig, Jan"]
[Black "Bernhardt, Rolf"]
[Result "1-0"]
[WhiteElo "2129"]
[BlackElo "2242"]
[PlyCount "63"]
[EventDate "2018.??.??"]

1. e4 e5 2. Nf3 Nc6 3. d4 exd4 4. Nxd4 Bc5 5. Nb3 Bb6 6. Nc3 Qf6 7. Qe2 Nge7 8.
Be3 O-O 9. O-O-O d6 10. h3 Be6 11. f4 Na5 12. Qf3 Nc4 13. Bd4 Bxd4 14. Nxd4 Nb6
15. g4 Nc6 16. Nde2 Bc4 17. Ng3 h6 18. Nf5 Be6 19. Ne3 Ne5 20. Qg3 Nec4 21.
Bxc4 Bxc4 22. h4 Qe6 23. g5 h5 24. Qf3 g6 25. b3 Ba6 26. Ncd5 Rfc8 27. e5 Nd7
28. exd6 cxd6 29. Rhe1 Kg7 30. Nc4 Qg4 31. Qc3+ Kh7 32. Re7 1-0

[Event "OLSW 1819 SK Landau - SC Caissa Schwarz"]
[Site "?"]
[Date "2018.10.21"]
[Round "1.8"]
[White "Moeldner, Juergen"]
[Black "Holle, Cedric"]
[Result "1-0"]
[WhiteElo "2209"]
[BlackElo "2088"]
[PlyCount "61"]
[EventDate "2018.??.??"]

1. e4 e6 2. d4 d5 3. Nd2 Be7 4. Bd3 Nf6 5. e5 Nfd7 6. Ne2 c5 7. c3 b6 8. O-O
Ba6 9. Bb1 Nc6 10. Nf3 g5 11. Be3 h5 12. Ne1 Rg8 13. Nd3 Na5 14. f4 Qc7 15.
fxg5 h4 16. Nef4 O-O-O 17. g6 Nc4 18. Bc1 Ncxe5 19. dxe5 Nxe5 20. gxf7 Nxf7 21.
Qe2 Bd6 22. Kh1 h3 23. Nxh3 e5 24. Qh5 Rdf8 25. Rf6 Qe7 26. Rg6 Rxg6 27. Qxg6
e4 28. Ndf4 e3 29. Bf5+ Kb8 30. Qe6 Qxe6 31. Nxe6 1-0

[Event "OLSW 1819 SK Altenkirchen - SV Worms 18"]
[Site "?"]
[Date "2018.10.21"]
[Round "1.1"]
[White "Heider, Martin"]
[Black "Bruehl, Andreas"]
[Result "0-1"]
[WhiteElo "2414"]
[BlackElo "2312"]
[PlyCount "128"]
[EventDate "2018.??.??"]

1. Nf3 d5 2. e3 Nf6 3. c4 c6 4. Nc3 e6 5. b3 Bd6 6. Bb2 Nbd7 7. Qc2 Qe7 8. Be2
a5 9. O-O O-O 10. d4 Bb4 11. a3 Bxc3 12. Qxc3 a4 13. Qb4 Qd8 14. bxa4 Nb6 15.
a5 Nxc4 16. Bxc4 dxc4 17. Ne5 c3 18. Bxc3 Nd5 19. Qb2 Nxc3 20. Qxc3 Qxa5 21.
Qb4 Qc7 22. a4 Rd8 23. Rfb1 Rd5 24. Nd3 Rda5 25. Nc5 b5 26. h3 e5 27. dxe5 Qxe5
28. Rd1 Qe8 29. Rd6 Be6 30. Rad1 bxa4 31. Nxe6 fxe6 32. Qb7 Rd5 33. R1xd5 exd5
34. Rd7 Rb8 35. Qxc6 a3 36. Qxd5+ Kh8 37. Ra7 Qf8 38. Qd4 h6 39. Qd5 Rb1+ 40.
Kh2 Qb8+ 41. f4 Qxa7 42. Qd8+ Kh7 43. Qd3+ Kg8 44. Qd8+ Kh7 45. Qd3+ g6 46.
Qxb1 a2 47. Qa1 h5 48. h4 Qa4 49. Kg3 Kg8 50. Kh2 Qa3 51. e4 Kf7 52. e5 Ke6 53.
Kh1 Qa4 54. Kg1 Kd5 55. Kh1 Qc2 56. Kh2 Qb1 57. Qc3 a1=Q 58. Qf3+ Qe4 59. Qb3+
Kc5 60. Qf7 Qad4 61. Qa7+ Kb5 62. Qb8+ Ka5 63. Qc7+ Ka4 64. Qc6+ Qxc6 0-1

[Event "OLSW 1819 SK Altenkirchen - SV Worms 18"]
[Site "?"]
[Date "2018.10.21"]
[Round "1.2"]
[White "Weimann, Maximilian"]
[Black "Feldmann, Johannes"]
[Result "1-0"]
[WhiteElo "2207"]
[BlackElo "2224"]
[PlyCount "53"]
[EventDate "2018.??.??"]

1. e4 e5 2. Nf3 Nc6 3. Nc3 Nf6 4. g3 d5 5. exd5 Nxd5 6. Bg2 Nxc3 7. bxc3 Bd6 8.
O-O O-O 9. Re1 Re8 10. d3 Bg4 11. h3 Bh5 12. Rb1 Rb8 13. g4 Bg6 14. Ng5 Qd7 15.
Qf3 Nd8 16. h4 h6 17. h5 Bxh5 18. gxh5 hxg5 19. Bxg5 Ne6 20. Qf5 Qa4 21. h6
gxh6 22. Re4 Qxa2 23. Bxh6 Qxb1+ 24. Kh2 Qd1 25. Bf3 Qxf3 26. Qxf3 Nf4 27. Rxf4
1-0

[Event "OLSW 1819 SK Altenkirchen - SV Worms 18"]
[Site "?"]
[Date "2018.10.21"]
[Round "1.3"]
[White "Ollenberger, Roland"]
[Black "Telke, Holger"]
[Result "1-0"]
[WhiteElo "2270"]
[BlackElo "2095"]
[PlyCount "49"]
[EventDate "2018.??.??"]

1. e4 e6 2. d3 d5 3. Nd2 c5 4. Ngf3 Nf6 5. g3 Nc6 6. Bg2 dxe4 7. dxe4 e5 8. O-O
Bg4 9. h3 Bh5 10. g4 Bg6 11. Qe2 Qc7 12. c3 Be7 13. Nh4 O-O-O 14. Nf5 Ne8 15.
Ne3 h5 16. Nd5 Qd7 17. Nc4 Nd6 18. Ncb6+ axb6 19. Nxb6+ Kc7 20. Nxd7 Rxd7 21.
Rd1 hxg4 22. hxg4 Nd8 23. Rd5 Ne6 24. Rxe5 f6 25. Rxe6 1-0

[Event "OLSW 1819 SK Altenkirchen - SV Worms 18"]
[Site "?"]
[Date "2018.10.21"]
[Round "1.4"]
[White "Kaster, Martin"]
[Black "Steinkohl, Thomas"]
[Result "0-1"]
[WhiteElo "2083"]
[BlackElo "2207"]
[PlyCount "118"]
[EventDate "2018.??.??"]

1. Nf3 e6 2. g3 c5 3. Bg2 Nc6 4. O-O Nf6 5. d4 Qb6 6. c3 d5 7. h3 Bd7 8. dxc5
Bxc5 9. b4 Bd6 10. Be3 Qc7 11. Nbd2 O-O 12. Bg5 a5 13. Bxf6 gxf6 14. a3 Ne5 15.
Qb3 Nxf3+ 16. Nxf3 Rfc8 17. Rac1 Bb5 18. Nd4 Bc4 19. Qb2 Qb6 20. Rfd1 f5 21.
Qd2 Qd8 22. Qh6 Bf8 23. Qh5 axb4 24. axb4 Qf6 25. g4 f4 26. Rd2 Qh6 27. Qxh6
Bxh6 28. Bf3 Bg5 29. Rb1 Ra3 30. Rc2 Rca8 31. Kh2 Kf8 32. b5 Ra2 33. Rxa2 Rxa2
34. b6 Ke7 35. Kg1 Kd6 36. Bg2 Ra3 37. Nf3 Bd8 38. Nd2 Bxe2 39. c4 f3 40. Bf1
Ra2 41. Nb3 Bxb6 42. Nc1 Rd2 43. Nxe2 fxe2 44. Bxe2 Bc5 45. Bf1 Rxf2 46. Kh1 d4
47. Rd1 h6 48. Bg2 b6 49. Rf1 d3 50. Rxf2 Bxf2 51. Bf1 d2 52. Be2 Ke5 53. Kg2
Bh4 54. Kf3 Kd4 55. Bd1 Kxc4 56. Ke2 Kc3 57. Ba4 f5 58. gxf5 exf5 59. Bd7 Kc2
0-1

[Event "OLSW 1819 SK Altenkirchen - SV Worms 18"]
[Site "?"]
[Date "2018.10.21"]
[Round "1.5"]
[White "Helbig, Daniel"]
[Black "Schmidt, Reiner"]
[Result "1-0"]
[WhiteElo "2196"]
[BlackElo "2170"]
[PlyCount "135"]
[EventDate "2018.??.??"]

1. e4 e6 2. Nf3 d5 3. e5 c5 4. b4 d4 5. bxc5 Bxc5 6. Ba3 Qa5 7. Qe2 Bd7 8. Bxc5
Qxc5 9. Qc4 Qxc4 10. Bxc4 Nc6 11. Bd3 f6 12. Na3 Nh6 13. Nb5 O-O 14. exf6 Rxf6
15. Nbxd4 e5 16. Nxc6 Bxc6 17. Ng5 Bxg2 18. Rg1 Bc6 19. Bxh7+ Kh8 20. Be4 Raf8
21. Bxc6 Rxc6 22. c3 Rf4 23. Rb1 b6 24. Rb5 Ng4 25. f3 Nxh2 26. Rxe5 Nxf3+ 27.
Nxf3 Rxf3 28. Re8+ Kh7 29. Re7 Rg6 30. Rxg6 Kxg6 31. Rxa7 Kh6 32. Rc7 Rf6 33.
d4 b5 34. Rc5 g5 35. Rxb5 g4 36. Ke2 g3 37. a4 Rf2+ 38. Ke3 Rc2 39. Kd3 Ra2 40.
Rb8 Kg7 41. Rb1 Kf6 42. Rg1 g2 43. Ke4 Ke6 44. a5 Kd6 45. c4 Re2+ 46. Kd3 Ra2
47. Kc3 Kc6 48. Kb3 Rd2 49. Kc3 Ra2 50. Re1 Re2 51. Rb1 Re3+ 52. Kb4 Rg3 53.
Rg1 Rg4 54. d5+ Kd6 55. a6 Kc7 56. Kb5 Rg5 57. Kc5 Rg6 58. a7 Kb7 59. d6 Rg5+
60. Kd4 Kxa7 61. d7 Rg8 62. Ke5 Kb7 63. Rxg2 Rh8 64. Rh2 Rg8 65. Kd6 Rg6+ 66.
Ke7 Rg7+ 67. Ke8 Rg8+ 68. Kf7 1-0

[Event "OLSW 1819 SK Altenkirchen - SV Worms 18"]
[Site "?"]
[Date "2018.10.21"]
[Round "1.6"]
[White "Hoffmann, Thomas"]
[Black "Schluchter, Steffen"]
[Result "1-0"]
[WhiteElo "2024"]
[BlackElo "2133"]
[PlyCount "97"]
[EventDate "2018.??.??"]

1. d4 d5 2. c4 e6 3. Nc3 Nf6 4. Bg5 Be7 5. e3 O-O 6. cxd5 exd5 7. Bd3 c6 8.
Nge2 Re8 9. O-O Nbd7 10. Qc2 Nf8 11. f3 Be6 12. Nf4 h6 13. Bh4 Rc8 14. Nxe6
Nxe6 15. Bf2 Bd6 16. Rad1 Qc7 17. g3 Ng5 18. Kg2 g6 19. h4 Ngh7 20. e4 dxe4 21.
fxe4 Ng4 22. e5 Bf8 23. h5 Ng5 24. hxg6 fxg6 25. Bxg6 Re7 26. Bf5 Nxf2 27. Rxf2
Rd8 28. Ne4 Nxe4 29. Qxe4 Rg7 30. Rdf1 Qe7 31. Rf3 Rg5 32. Bg6 Bg7 33. Rf7 Qb4
34. R7f4 Qxb2+ 35. R1f2 Qc3 36. g4 c5 37. Bf7+ Kh8 38. Bb3 Qxd4 39. e6 Qd6 40.
Bc2 Qc6 41. e7 Qxe4+ 42. Rxe4 Re8 43. Ba4 Rxe7 44. Rxe7 Rxg4+ 45. Kh3 Rxa4 46.
Rff7 Ra3+ 47. Kh4 Ra4+ 48. Kh5 Rxa2 49. Rxg7 1-0

[Event "OLSW 1819 SK Altenkirchen - SV Worms 18"]
[Site "?"]
[Date "2018.10.21"]
[Round "1.7"]
[White "Martin, Mike"]
[Black "Krumm, Johannes"]
[Result "1/2-1/2"]
[WhiteElo "2159"]
[BlackElo "2077"]
[PlyCount "113"]
[EventDate "2018.??.??"]

1. e4 Nf6 2. Nc3 e5 3. Nf3 Nc6 4. d4 exd4 5. Nxd4 Bb4 6. Nxc6 bxc6 7. Bd3 d6 8.
Bd2 Ng4 9. Qe2 O-O 10. O-O-O a5 11. f4 Nf6 12. h3 Re8 13. a3 Bc5 14. g4 Rb8 15.
g5 Nd7 16. Na4 Bd4 17. c3 Nc5 18. Nxc5 Bxc5 19. h4 Qe7 20. Be3 Bg4 21. Qxg4
Bxe3+ 22. Kc2 c5 23. Rh3 c4 24. Rxe3 cxd3+ 25. Rdxd3 c5 26. Rd2 Qb7 27. Kb1
Rxe4 28. Qf3 Rxe3 29. Qxe3 Qh1+ 30. Ka2 Qc1 31. Re2 Qxe3 32. Rxe3 Kf8 33. Re4
d5 34. Re5 Rd8 35. Kb1 Rd6 36. Kc2 f6 37. Re1 Kf7 38. h5 Rd7 39. b4 cxb4 40.
cxb4 axb4 41. axb4 fxg5 42. fxg5 d4 43. Re5 h6 44. g6+ Kf6 45. Rc5 d3+ 46. Kd2
Rd4 47. b5 Ke6 48. b6 Rb4 49. Rc6+ Kf5 50. Rc7 Rxb6 51. Rxg7 Rb2+ 52. Kxd3 Rh2
53. Ra7 Rxh5 54. g7 Rh3+ 55. Ke2 Rg3 56. Kf2 Rg4 57. Kf3 1/2-1/2

[Event "OLSW 1819 SK Altenkirchen - SV Worms 18"]
[Site "?"]
[Date "2018.10.21"]
[Round "1.8"]
[White "Giesler, Stephan"]
[Black "Musiolik, David"]
[Result "0-1"]
[WhiteElo "2090"]
[BlackElo "2057"]
[PlyCount "124"]
[EventDate "2018.??.??"]

1. Nf3 Nf6 2. d4 d5 3. c4 e6 4. g3 dxc4 5. Bg2 b5 6. a4 c6 7. axb5 cxb5 8. Nc3
Bb4 9. O-O Bxc3 10. bxc3 O-O 11. Ba3 Re8 12. Qb1 a6 13. Ng5 Ra7 14. e4 h6 15.
Nf3 Nbd7 16. Rd1 Qc7 17. Qc2 Bb7 18. Nd2 e5 19. d5 Nc5 20. Nf1 Nb3 21. Ra2 Qb6
22. Rb1 a5 23. Nd2 Nxd2 24. Qxd2 Bc8 25. Qe2 Rc7 26. Rab2 Bd7 27. Bf1 Qa6 28.
Ra2 Ra8 29. Bb4 Qb6 30. Rba1 Rca7 31. Ba3 Bg4 32. Qe1 Bf3 33. Bg2 Bxg2 34. Kxg2
b4 35. Rb1 b3 36. Re2 Re8 37. f3 a4 38. Qf2 Qxf2+ 39. Kxf2 Ra5 40. Ke3 Nd7 41.
Bb4 Rb5 42. Ra1 Ra8 43. Rb2 Ra6 44. Ba3 f6 45. Kd2 f5 46. Ke3 Kf7 47. Rf2 fxe4
48. fxe4+ Rf6 49. Rb2 Rbb6 50. Rbb1 g5 51. Ke2 g4 52. Bc1 Ra6 53. Ba3 Rf3 54.
Rf1 Rxf1 55. Rxf1+ Rf6 56. Rxf6+ Nxf6 57. Ke3 Ke8 58. Bc1 Kd7 59. Bb2 Nh7 60.
Bc1 Ng5 61. Ba3 Nf3 62. h4 Ne1 0-1

[Event "OLSW 1819 SVG Saarbrücken - SK Gau-Alge"]
[Site "?"]
[Date "2018.10.21"]
[Round "1.1"]
[White "Karsay, Pascal"]
[Black "Bastian, Herbert"]
[Result "0-1"]
[WhiteElo "2261"]
[BlackElo "2303"]
[PlyCount "42"]
[EventDate "2018.??.??"]

1. Nf3 Nf6 2. b3 d6 3. d4 g6 4. Bb2 Bg7 5. g3 O-O 6. Bg2 Nbd7 7. O-O Re8 8. c4
c6 9. Nc3 e5 10. e4 a5 11. Re1 exd4 12. Nxd4 Nc5 13. Qd2 a4 14. Rab1 axb3 15.
axb3 Qb6 16. Ba1 Ng4 17. h3 Rxa1 18. Rxa1 Nxf2 19. Re3 Nfd3 20. Nce2 Bh6 21.
Rb1 Qb4 0-1

[Event "OLSW 1819 SVG Saarbrücken - SK Gau-Alge"]
[Site "?"]
[Date "2018.10.21"]
[Round "1.2"]
[White "Mohammad, Samir"]
[Black "Kling, Felix"]
[Result "1-0"]
[WhiteElo "2304"]
[BlackElo "2183"]
[PlyCount "115"]
[EventDate "2018.??.??"]

1. d4 d5 2. c4 c6 3. Nf3 Nf6 4. Nc3 dxc4 5. e4 b5 6. e5 Nd5 7. a4 h6 8. axb5
Nxc3 9. bxc3 cxb5 10. Ba3 e6 11. Bxf8 Kxf8 12. Be2 Bb7 13. O-O Bd5 14. Nd2 a6
15. Bf3 Ra7 16. Ne4 Bxe4 17. Bxe4 Nd7 18. Qf3 Nb6 19. Rfb1 Na4 20. Bc2 Kg8 21.
Bxa4 bxa4 22. Rxa4 Qd5 23. Qxd5 exd5 24. Ra5 Kh7 25. f4 Re8 26. Rb4 f6 27. Rxd5
fxe5 28. fxe5 a5 29. Ra4 Rb7 30. Rdxa5 Rb1+ 31. Kf2 Rf8+ 32. Ke3 Re1+ 33. Kd2
Rff1 34. Rxc4 Rd1+ 35. Kc2 Rc1+ 36. Kd3 Rf2 37. Rca4 Rxg2 38. Ra2 Rd1+ 39. Ke3
Re1+ 40. Kf3 Rgg1 41. Rf2 g5 42. Ra6 h5 43. Raa2 Rc1 44. Ra7+ Kg6 45. Ra6+ Kg7
46. Ke4 Rgf1 47. Rxf1 Rxf1 48. d5 Rf4+ 49. Ke3 Rf5 50. Kd4 Rf4+ 51. Kc5 Re4 52.
Kd6 g4 53. Ke6 g3 54. hxg3 Rg4 55. d6 Rxg3 56. d7 Rg6+ 57. Kf5 Rxa6 58. d8=Q
1-0

[Event "OLSW 1819 SVG Saarbrücken - SK Gau-Alge"]
[Site "?"]
[Date "2018.10.21"]
[Round "1.3"]
[White "Frede, Lennart"]
[Black "Busche, Stefan"]
[Result "1/2-1/2"]
[WhiteElo "2167"]
[BlackElo "2057"]
[PlyCount "104"]
[EventDate "2018.??.??"]

1. e4 c5 2. Nf3 e6 3. Nc3 a6 4. g3 b5 5. Bg2 Bb7 6. d3 d6 7. O-O Nf6 8. e5 dxe5
9. Nxe5 Bxg2 10. Kxg2 Nbd7 11. Bf4 Nxe5 12. Bxe5 Be7 13. Qf3 O-O 14. Rfe1 Re8
15. a4 b4 16. Ne4 Nxe4 17. Rxe4 f6 18. Bf4 e5 19. Be3 b3 20. cxb3 Qxd3 21. Rg4
Rad8 22. Rc1 Qd5 23. Rgc4 Qxf3+ 24. Kxf3 Rb8 25. R1c3 f5 26. Bxc5 Bf6 27. Ke2
Red8 28. b4 e4 29. Rb3 Rd5 30. b5 Be5 31. Rbb4 a5 32. Rb3 Rc8 33. f4 exf3+ 34.
Rxf3 Rdxc5 35. Rxc5 Rxc5 36. Rxf5 Bd6 37. Rxc5 Bxc5 38. Kd3 Bg1 39. b4 Bb6 40.
Kc4 Kf7 41. bxa5 Bxa5 42. Kd5 Ke7 43. Kc6 Kd8 44. b6 Kc8 45. g4 Bd2 46. h3 Kb8
47. Kb5 Be1 48. a5 Bg3 49. Kc6 Be1 50. a6 Bg3 51. Kd7 Bf2 52. Kc6 Bg3 1/2-1/2

[Event "OLSW 1819 SVG Saarbrücken - SK Gau-Alge"]
[Site "?"]
[Date "2018.10.21"]
[Round "1.5"]
[White "Erlekam, Simon"]
[Black "Biehl, Tim"]
[Result "1/2-1/2"]
[WhiteElo "1885"]
[BlackElo "1972"]
[PlyCount "38"]
[EventDate "2018.??.??"]

1. e4 e6 2. d4 d5 3. e5 c5 4. c3 Qb6 5. f4 Bd7 6. Nf3 Nh6 7. Be2 Bb5 8. O-O
Bxe2 9. Qxe2 Nc6 10. Be3 Nf5 11. dxc5 Bxc5 12. Bxc5 Qxc5+ 13. Kh1 O-O 14. Nbd2
Qe3 15. Qxe3 Nxe3 16. Rf2 b5 17. Re2 d4 18. Nb3 Nd5 19. Nbxd4 Nxd4 1/2-1/2

[Event "OLSW 1819 SVG Saarbrücken - SK Gau-Alge"]
[Site "?"]
[Date "2018.10.21"]
[Round "1.7"]
[White "Froembgen, Andreas"]
[Black "Joeres, Roman"]
[Result "0-1"]
[WhiteElo "1871"]
[BlackElo "1806"]
[PlyCount "76"]
[EventDate "2018.??.??"]

1. c4 Nf6 2. g3 c6 3. Bg2 d5 4. cxd5 cxd5 5. Nf3 g6 6. O-O Bg7 7. d4 O-O 8. Nc3
Nc6 9. a3 Bf5 10. Nh4 Be6 11. e3 Rc8 12. Bd2 Qd7 13. Rc1 Rfd8 14. b4 b6 15. Nf3
Bf5 16. Qe2 Ne4 17. Nxe4 Bxe4 18. Ne1 e5 19. f3 Bf5 20. b5 Na5 21. Rxc8 Rxc8
22. Bxa5 bxa5 23. g4 Be6 24. dxe5 Bxe5 25. h3 Rc4 26. Nd3 Bd6 27. Nb2 Rc3 28.
a4 Bc5 29. Nd3 Bb6 30. Kh1 Qc7 31. Rd1 Qc4 32. Bf1 Qxa4 33. e4 Qxb5 34. exd5
Qxd5 35. Nf4 Qc5 36. Bg2 Rc1 37. Nxe6 Rxd1+ 38. Qxd1 fxe6 0-1

[Event "OLSW 1819 Gambit Saarbrücken - SC Turm "]
[Site "?"]
[Date "2018.10.21"]
[Round "1.1"]
[White "Spengler, Hanno"]
[Black "Pucher, Sebastien"]
[Result "0-1"]
[WhiteElo "2089"]
[BlackElo "2291"]
[PlyCount "136"]
[EventDate "2018.??.??"]

1. e4 g6 2. d4 Bg7 3. Nf3 d6 4. Nc3 c6 5. Be3 Nf6 6. h3 O-O 7. Qd2 b5 8. a3 a6
9. Bh6 c5 10. Bxg7 Kxg7 11. Qe3 cxd4 12. Nxd4 Bb7 13. O-O-O Nbd7 14. Rg1 Qb6
15. Qg5 e6 16. Qh4 Rac8 17. g4 e5 18. g5 exd4 19. gxf6+ Nxf6 20. Ne2 d3 21.
Rxd3 Bxe4 22. Rd2 Qc5 23. Nd4 Qd5 24. b3 h6 25. f3 Bf5 26. Qf4 Bd7 27. Nxb5
Qxb3 28. Nxd6 Qxa3+ 29. Kd1 Qa1+ 30. Ke2 Bb5+ 31. Kf2 Bxf1 32. Nxc8 Rxc8 33.
Rxf1 Qa2 34. c3 Qe6 35. Rd6 Qe7 36. Qd4 Re8 37. Kg1 Rc8 38. Ra1 Rxc3 39. Rd1
Rxf3 40. Rf1 Rxf1+ 41. Kxf1 a5 42. Ra6 a4 43. Rxa4 Qe6 44. Ra3 g5 45. Re3 Qf5+
46. Kg2 h5 47. Rf3 Qe6 48. Re3 Qc6+ 49. Kf2 Qc2+ 50. Re2 Qf5+ 51. Kg3 h4+ 52.
Kh2 Kg6 53. Rf2 Qe6 54. Rb2 Nd5 55. Qd3+ Kh6 56. Re2 Qd6+ 57. Kg1 Qb6+ 58. Kh2
Qc7+ 59. Kh1 Nf4 60. Qa6+ Kh7 61. Rf2 Qc1+ 62. Kh2 Qe3 63. Qf1 Kh6 64. Rf3 Qe4
65. Qf2 Kg6 66. Re3 Qd5 67. Ra3 Qd6 68. Qc2+ Nd3+ 0-1

[Event "OLSW 1819 Gambit Saarbrücken - SC Turm "]
[Site "?"]
[Date "2018.10.21"]
[Round "1.2"]
[White "Erhardt, Michael"]
[Black "Becker, Thomas"]
[Result "1/2-1/2"]
[WhiteElo "2110"]
[BlackElo "2139"]
[PlyCount "63"]
[EventDate "2018.??.??"]

1. e4 c5 2. Nf3 Nc6 3. d4 cxd4 4. Nxd4 e5 5. Nb5 a6 6. Nd6+ Bxd6 7. Qxd6 Qe7 8.
Qd1 Nf6 9. Nc3 d6 10. Bc4 Be6 11. Nd5 Bxd5 12. Bxd5 Nxd5 13. exd5 Nb8 14. O-O
O-O 15. Be3 Nd7 16. Qd2 Rfc8 17. Rfc1 Nf6 18. c4 b5 19. cxb5 axb5 20. Bg5 Qb7
21. Bxf6 gxf6 22. a3 Ra4 23. Rxc8+ Qxc8 24. Rc1 Rc4 25. Rc3 Qc5 26. h3 Rxc3 27.
Qxc3 Qxd5 28. Qc8+ Kg7 29. Qg4+ Kf8 30. Qc8+ Ke7 31. Qc7+ Kf8 32. Qc8+ 1/2-1/2

[Event "OLSW 1819 Gambit Saarbrücken - SC Turm "]
[Site "?"]
[Date "2018.10.21"]
[Round "1.3"]
[White "Hermann, Thomas"]
[Black "Gross, Georg"]
[Result "0-1"]
[WhiteElo "2110"]
[BlackElo "2253"]
[PlyCount "76"]
[EventDate "2018.??.??"]

1. d4 Nc6 2. Bf4 d6 3. e3 e5 4. dxe5 dxe5 5. Qxd8+ Kxd8 6. Bg3 f6 7. Nc3 Be6 8.
O-O-O+ Kc8 9. Bb5 Nge7 10. Nge2 a6 11. Ba4 Na5 12. Rd2 b5 13. Bb3 Nxb3+ 14.
axb3 Nf5 15. Ne4 Be7 16. Rhd1 c6 17. Rd3 Nxg3 18. hxg3 f5 19. Rc3 Kc7 20. Nc5
Bd5 21. b4 a5 22. Rxd5 cxd5 23. Nb3+ Kd6 24. bxa5 Rhc8 25. Rd3 b4 26. Rd1 Bf6
27. Rh1 Rc7 28. Rxh7 Rac8 29. c3 bxc3 30. bxc3 d4 31. exd4 exd4 32. Nexd4 Rxc3+
33. Kd2 Kd5 34. Nxf5 Rxb3 35. Nxg7 Rb2+ 36. Ke3 Bd4+ 37. Kf4 Rxf2+ 38. Kg4 Rg8
0-1

[Event "OLSW 1819 Gambit Saarbrücken - SC Turm "]
[Site "?"]
[Date "2018.10.21"]
[Round "1.4"]
[White "Forthoffer, Patrick"]
[Black "Hell, Manfred"]
[Result "1-0"]
[WhiteElo "2193"]
[BlackElo "2147"]
[PlyCount "73"]
[EventDate "2018.??.??"]

1. d4 Nf6 2. c4 g6 3. Nc3 Bg7 4. e4 d6 5. Nge2 O-O 6. Ng3 c5 7. d5 e6 8. Be2
exd5 9. exd5 Na6 10. O-O Nc7 11. Bf4 a6 12. a4 h6 13. Qc1 Kh7 14. h3 Nce8 15.
Bd3 Nd7 16. Nh5 Ne5 17. Bc2 Qh4 18. Nxg7 Nxg7 19. Bg3 Qd8 20. Bxe5 dxe5 21. f4
f6 22. fxe5 fxe5 23. Qe3 Bf5 24. Bxf5 Nxf5 25. Qxe5 Qh4 26. Rf4 Rae8 27. Qc7+
Re7 28. Rxh4 Rxc7 29. Rf4 Re8 30. Re4 Rf8 31. Rf1 Rd8 32. Ref4 Rdd7 33. Ne4 Kg7
34. R1f2 b5 35. axb5 axb5 36. b3 Nd4 37. Nxc5 1-0